[Event "4NCL/Div3/MIN vs. FCA1"]
[Site "Sunningdale ENG"]
[Date "2006.09.17"]
[Round "2.5"]
[White "Parker, Robert"]
[Black "Freeman, Richard C P"]
[Result "1/2-1/2"]
[WhiteElo "2086"]
[BlackElo "2097"]
[PlyCount "28"]
[EventDate "2006.09.17"]
[EventType "team"]
[EventRounds "11"]
[EventCountry "ENG"]
[WhiteTeam "Mind Sports"]
[BlackTeam "FCA Solutions 1"]

1. d4 g6 2. Nf3 Bg7 3. c4 d6 4. Nc3 Bg4 5. e3 Nd7 6. Be2 e5 7. h3 Bxf3 8. Bxf3
Rb8 9. O-O Ne7 10. b3 O-O 11. Bb2 f5 12. dxe5 dxe5 13. e4 c6 14. Qe2 Qc7
1/2-1/2

[Event "4NCL/Div3/MIN vs. FCA1"]
[Site "Sunningdale ENG"]
[Date "2006.09.17"]
[Round "2.6"]
[White "Reuben, Stewart"]
[Black "Twitchell, Neville H"]
[Result "1-0"]
[WhiteElo "2127"]
[BlackElo "1994"]
[PlyCount "167"]
[EventDate "2006.09.17"]
[EventType "team"]
[EventRounds "11"]
[EventCountry "ENG"]
[WhiteTeam "FCA Solutions 1"]
[BlackTeam "Mind Sports"]

1. c4 b6 2. Nc3 Bb7 3. d4 e6 4. Nf3 f5 5. d5 exd5 6. Nxd5 h6 7. Qd3 Ne7 8. Nxe7
Be4 9. Qc3 Qxe7 10. Bf4 Na6 11. Nd4 O-O-O 12. f3 Qf6 13. a3 Bb7 14. e3 g5 15.
Bg3 f4 16. exf4 gxf4 17. Bf2 Bg7 18. O-O-O Qf7 19. Qc2 Nc5 20. b4 Ne6 21. Qf5
Qxf5 22. Nxf5 Bf6 23. Bd3 Kb8 24. Bh4 Bg5 25. Rhe1 Rde8 26. Re2 Ref8 27. Bxg5
hxg5 28. Bc2 Rf7 29. h3 Rhf8 30. Re5 Bc8 31. Nh6 Re7 32. Rde1 Rh8 33. Nf5 Ree8
34. Nd4 Rh6 35. Rxg5 Rhh8 36. Nxe6 dxe6 37. Re4 Rhg8 38. Ree5 Ba6 39. Rxg8 Rxg8
40. Rxe6 Bxc4 41. Rf6 Rxg2 42. Rxf4 Bd5 43. h4 Rh2 44. Rf5 c6 45. h5 Kc7 46.
Kb2 Kd6 47. Kc3 Ke6 48. Be4 Ra2 49. Kd4 c5+ 50. bxc5 bxc5+ 51. Kxc5 Bxe4 52.
fxe4 Rxa3 53. h6 Rc3+ 54. Kd4 Rc7 55. Ke3 Rh7 56. Ra5 Rd7 57. Kf4 Kf7 58. Kf5
Kg8 59. Kg6 Rd6+ 60. Kg5 a6 61. Rf5 Re6 62. Rf4 a5 63. Rh4 Kh7 64. Rf4 Rg6+ 65.
Kf5 Kxh6 66. e5 Kg7 67. Ra4 Ra6 68. e6 Rc6 69. Rg4+ Kf8 70. Kf6 Rb6 71. Rc4 Rb8
72. Rc7 Ra8 73. Rh7 Kg8 74. Rg7+ Kh8 75. Rg1 Rf8+ 76. Ke5 Rf2 77. e7 Re2+ 78.
Kf6 Rf2+ 79. Ke6 Re2+ 80. Kf7 Rf2+ 81. Ke8 Rb2 82. Re1 Kg7 83. Kd7 Rb7+ 84. Kc6
1-0

[Event "4NCL/Div3/MIN vs. FCA1"]
[Site "Sunningdale ENG"]
[Date "2006.09.17"]
[Round "2.7"]
[White "Barton, Tom A"]
[Black "Fraser-Mitchell, Jeremy"]
[Result "1/2-1/2"]
[WhiteElo "1940"]
[BlackElo "2077"]
[PlyCount "43"]
[EventDate "2006.09.17"]
[EventType "team"]
[EventRounds "11"]
[EventCountry "ENG"]
[WhiteTeam "Mind Sports"]
[BlackTeam "FCA Solutions 1"]

1. e4 e6 2. d4 d5 3. e5 c5 4. c3 Nc6 5. Nf3 Bd7 6. Bd3 Rc8 7. dxc5 Bxc5 8. O-O
Qc7 9. Bf4 Nge7 10. Qe2 O-O 11. Nbd2 f6 12. Bg3 fxe5 13. Bxh7+ Kxh7 14. Ng5+
Kg8 15. Qh5 Rf5 16. Ndf3 Bd6 17. Qh7+ Kf8 18. Qh8+ Ng8 19. Nh7+ Kf7 20. Nhg5+
Kf8 21. Nh7+ Kf7 22. Nhg5+ 1/2-1/2

[Event "4NCL/Div3/MIN vs. FCA1"]
[Site "Sunningdale ENG"]
[Date "2006.09.17"]
[Round "2.8"]
[White "Stenning, Marissa"]
[Black "Robson, Caroline"]
[Result "1-0"]
[WhiteElo "1815"]
[BlackElo "1765"]
[PlyCount "87"]
[EventDate "2006.09.17"]
[EventType "team"]
[EventRounds "11"]
[EventCountry "ENG"]
[WhiteTeam "FCA Solutions 1"]
[BlackTeam "Mind Sports"]

1. c4 Nf6 2. g3 g6 3. Bg2 Bg7 4. Nc3 O-O 5. Nf3 d6 6. O-O c6 7. d3 Nbd7 8. Rb1
e5 9. b4 Rb8 10. Qb3 Re8 11. Nd2 Qc7 12. a4 b6 13. b5 c5 14. Nde4 Bb7 15. Nxf6+
Nxf6 16. Bxb7 Qxb7 17. e4 Qd7 18. Kg2 h5 19. h4 Kh7 20. Bg5 Re6 21. Ra1 Bh6 22.
Bxh6 Kxh6 23. a5 Ree8 24. axb6 axb6 25. Ra6 Qd8 26. Qa4 Ra8 27. Ra1 Rb8 28. Ra7
Kg7 29. Qa6 Re7 30. Ra8 Rxa8 31. Qxa8 Qxa8 32. Rxa8 Rb7 33. Rd8 Nd7 34. Nd5 Ra7
35. Kf3 Rb7 36. Rc8 Nf6 37. Rc6 Nxd5 38. exd5 Kf6 39. Rxd6+ Ke7 40. Rc6 Kd8 41.
Ke4 Re7 42. Rxb6 f5+ 43. Ke3 e4 44. Rxg6 1-0

[Event "4NCL/Div3/PAP vs. WES2"]
[Site "Sunningdale ENG"]
[Date "2006.09.17"]
[Round "2.1"]
[White "Summerscale, Aaron"]
[Black "Pleasants, Allan J"]
[Result "1-0"]
[WhiteElo "2484"]
[BlackElo "2130"]
[PlyCount "81"]
[EventDate "2006.09.17"]
[EventType "team"]
[EventRounds "11"]
[EventCountry "ENG"]
[WhiteTeam "Pride+Prejudice"]
[BlackTeam "Wessex 2"]

1. Nf3 d5 2. g3 Nf6 3. Bg2 e6 4. O-O Be7 5. d3 O-O 6. Nbd2 Nbd7 7. e4 c6 8. e5
Ng4 9. Qe2 Qc7 10. Re1 c5 11. Nf1 f6 12. exf6 Ndxf6 13. h3 Nh6 14. Ng5 Nf7 15.
Nxe6 Bxe6 16. Bf4 Bd6 17. Bxd6 Qxd6 18. Qxe6 Rfe8 19. Qxd6 Nxd6 20. c3 Rxe1 21.
Rxe1 Re8 22. Rxe8+ Ndxe8 23. Ne3 Nc7 24. Nf5 b5 25. d4 c4 26. Nd6 g6 27. f4 a6
28. Kf2 Kf8 29. Nb7 Ke7 30. Ke3 Kd7 31. g4 Kc6 32. Nc5 a5 33. Bf3 b4 34. Bd1
Nb5 35. Ba4 bxc3 36. bxc3 Kb6 37. g5 Nh5 38. Nd7+ Ka6 39. Bxb5+ Kxb5 40. Nf6
Ng3 41. Nxd5 1-0

[Event "4NCL/Div3/PAP vs. WES2"]
[Site "Sunningdale ENG"]
[Date "2006.09.17"]
[Round "2.2"]
[White "Wheeler, John F"]
[Black "Sheldon, Ruth"]
[Result "0-1"]
[WhiteElo "2173"]
[BlackElo "2264"]
[PlyCount "86"]
[EventDate "2006.09.17"]
[EventType "team"]
[EventRounds "11"]
[EventCountry "ENG"]
[WhiteTeam "Wessex 2"]
[BlackTeam "Pride+Prejudice"]

1. d4 Nf6 2. c4 g6 3. Nc3 Bg7 4. e4 d6 5. Be2 O-O 6. Bg5 e5 7. dxe5 dxe5 8.
Qxd8 Rxd8 9. Nd5 Nbd7 10. Rd1 Rf8 11. Nxc7 Rb8 12. Nf3 h6 13. Bd2 Nxe4 14. Bb4
Nec5 15. O-O b6 16. b3 Bb7 17. Ne1 e4 18. Nc2 Ne5 19. Ne3 Nc6 20. Ba3 Be5 21.
Ncd5 f5 22. Rfe1 Rf7 23. b4 Ne6 24. c5 Ncd4 25. cxb6 Bxd5 26. Nxd5 Nc2 27. bxa7
Rxa7 28. Bc1 Nxe1 29. Rxe1 Kg7 30. Bc4 Rd7 31. f3 Rbd8 32. Nb6 Bd4+ 33. Be3
Bxe3+ 34. Rxe3 Rd6 35. Na4 Rd1+ 36. Kf2 R1d2+ 37. Re2 Rxe2+ 38. Bxe2 Rd2 39.
Ke3 Rxa2 40. Nc3 Rc2 41. Nd5 f4+ 42. Kf2 e3+ 43. Ke1 g5 0-1

[Event "4NCL/Div3/PAP vs. WES2"]
[Site "Sunningdale ENG"]
[Date "2006.09.17"]
[Round "2.3"]
[White "Rutherford, Elaine"]
[Black "Rutter, Nicholas"]
[Result "0-1"]
[WhiteElo "2093"]
[BlackElo "2167"]
[PlyCount "100"]
[EventDate "2006.09.17"]
[EventType "team"]
[EventRounds "11"]
[EventCountry "ENG"]
[WhiteTeam "Pride+Prejudice"]
[BlackTeam "Wessex 2"]

1. e4 c5 2. Nc3 e6 3. f4 d5 4. Bb5+ Nc6 5. Nf3 Nf6 6. Ne5 Qc7 7. Qf3 d4 8. Ne2
Bd7 9. Nxd7 Nxd7 10. Bxc6 Qxc6 11. O-O Be7 12. d3 O-O 13. a4 f5 14. e5 Qxf3 15.
Rxf3 Nb6 16. b3 Nd5 17. Ba3 Rfd8 18. Kh1 Rd7 19. Rf2 Rc8 20. Ng1 b6 21. g3 a6
22. Nf3 b5 23. axb5 axb5 24. Bb2 Rdd8 25. Ra6 Kf7 26. Ra7 h6 27. Ba3 b4 28. Bc1
Ra8 29. Rxa8 Rxa8 30. Re2 Ra1 31. Re1 Ra2 32. Re2 Nc3 33. Re1 Rxc2 34. Ng1 Na2
35. Ne2 Rxe2 36. Rxe2 Nxc1 37. Rb2 Nxd3 38. Rd2 Nc1 39. Rb2 g5 40. Rb1 Ne2 41.
Rf1 gxf4 42. gxf4 d3 43. Kg2 d2 44. Rd1 Nxf4+ 45. Kf3 Nd3 46. Rxd2 Nxe5+ 47.
Kg2 c4 48. Re2 Nd3 49. Rd2 Bg5 50. Rd1 c3 0-1

[Event "4NCL/Div3/PAP vs. WES2"]
[Site "Sunningdale ENG"]
[Date "2006.09.17"]
[Round "2.4"]
[White "Taylor, Phil"]
[Black "Forbes, Cathy"]
[Result "1/2-1/2"]
[WhiteElo "2082"]
[BlackElo "2076"]
[PlyCount "116"]
[EventDate "2006.09.17"]
[EventType "team"]
[EventRounds "11"]
[EventCountry "ENG"]
[WhiteTeam "Wessex 2"]
[BlackTeam "Pride+Prejudice"]

1. e4 c5 2. Nf3 e6 3. d4 cxd4 4. Nxd4 a6 5. c4 Qc7 6. Nc3 Nf6 7. a3 Nc6 8. Be3
Ne5 9. Be2 d5 10. cxd5 exd5 11. Rc1 Nc4 12. Nxd5 Nxd5 13. Rxc4 Nxe3 14. Rxc7
Nxd1 15. Bxd1 Bd6 16. Rc2 Bd7 17. O-O O-O 18. Bf3 Be5 19. Nf5 Ba4 20. Rd2 g6
21. Ne7+ Kg7 22. Nd5 Rfd8 23. g3 Rac8 24. Bd1 Bb5 25. Be2 Bc6 26. Rc1 f5 27.
exf5 gxf5 28. Bf3 f4 29. b3 fxg3 30. hxg3 Bf6 31. Bg2 Rd6 32. Rdc2 Rcd8 33.
Nxf6 Bxg2 34. Kxg2 Kxf6 35. Rc7 R8d7 36. R1c3 h5 37. f3 Rd2+ 38. Kh3 R2d5 39.
Rxd7 Rxd7 40. g4 Kg5 41. Rc5+ Kg6 42. gxh5+ Kh6 43. Kg4 Rd3 44. b4 Rxa3 45. Rc7
Ra4 46. Rxb7 a5 47. Rb6+ Kh7 48. f4 Rxb4 49. Ra6 Ra4 50. Kg5 Ra1 51. Ra7+ Kh8
52. f5 a4 53. Kf6 a3 54. Ra8+ Kh7 55. Kf7 a2 56. f6 Kh6 57. Kf8 Rf1 58. Rxa2
Rxf6+ 1/2-1/2

[Event "4NCL/Div3/PAP vs. WES2"]
[Site "Sunningdale ENG"]
[Date "2006.09.17"]
[Round "2.5"]
[White "Lang, Heather"]
[Black "Clark, Ian C"]
[Result "1/2-1/2"]
[WhiteElo "2050"]
[BlackElo "2130"]
[PlyCount "46"]
[EventDate "2006.09.17"]
[EventType "team"]
[EventRounds "11"]
[EventCountry "ENG"]
[WhiteTeam "Pride+Prejudice"]
[BlackTeam "Wessex 2"]

1. e4 c5 2. Nc3 Nc6 3. g3 g6 4. Bg2 Bg7 5. d3 e6 6. Be3 d6 7. Qd2 Rb8 8. Nf3 b5
9. d4 b4 10. Ne2 cxd4 11. Nexd4 Nge7 12. Bh6 O-O 13. h4 Nxd4 14. Nxd4 e5 15.
Nf3 Bg4 16. h5 Bxf3 17. Bxf3 Nc6 18. Bxg7 Kxg7 19. hxg6 hxg6 20. Qh6+ Kf6 21.
Qh4+ Kg7 22. Qh6+ Kf6 23. Qh4+ Kg7 1/2-1/2

[Event "4NCL/Div3/PAP vs. WES2"]
[Site "Sunningdale ENG"]
[Date "2006.09.17"]
[Round "2.6"]
[White "Marsh, Roger"]
[Black "Yurenok, Maria S"]
[Result "1-0"]
[WhiteElo "2054"]
[BlackElo "2064"]
[PlyCount "68"]
[EventDate "2006.09.17"]
[EventType "team"]
[EventRounds "11"]
[EventCountry "ENG"]
[WhiteTeam "Wessex 2"]
[BlackTeam "Pride+Prejudice"]

1. d4 d5 2. c4 c6 3. cxd5 cxd5 4. Nc3 Nf6 5. Bf4 e6 6. e3 Be7 7. Bd3 O-O 8. Nf3
a6 9. O-O Nc6 10. Rc1 Bd7 11. Ne5 Ne8 12. e4 f6 13. Nxd7 Qxd7 14. exd5 exd5 15.
Nxd5 Bd8 16. Qb3 Kh8 17. Nb6 Bxb6 18. Qxb6 Rf7 19. Rfd1 Qd8 20. Qxd8 Rxd8 21.
Bxa6 Nxd4 22. Bb5 Re7 23. Be3 Ne6 24. Rxd8 Nxd8 25. Rc8 Nc6 26. Bxc6 bxc6 27.
Rxc6 Kg8 28. Kf1 Nc7 29. Bc5 Rf7 30. a4 g6 31. a5 Nb5 32. a6 Rd7 33. Rb6 Na7
34. Rb8+ Kf7 1-0

[Event "4NCL/Div3/PAP vs. WES2"]
[Site "Sunningdale ENG"]
[Date "2006.09.17"]
[Round "2.7"]
[White "Kieran, Rosalind A"]
[Black "Gregory, Keith D"]
[Result "0-1"]
[WhiteElo "2076"]
[BlackElo "2069"]
[PlyCount "74"]
[EventDate "2006.09.17"]
[EventType "team"]
[EventRounds "11"]
[EventCountry "ENG"]
[WhiteTeam "Pride+Prejudice"]
[BlackTeam "Wessex 2"]

1. e4 d6 2. d4 g6 3. h3 Bg7 4. Nf3 Nf6 5. Bd3 O-O 6. Be3 Nc6 7. c3 e5 8. O-O
Re8 9. Nbd2 h6 10. Re1 Nh5 11. Nf1 Qf6 12. N1h2 Nf4 13. Bc2 Rd8 14. Qd2 g5 15.
Bd1 Qe7 16. Bc2 Bd7 17. c4 Nxd4 18. Nxd4 exd4 19. Bxd4 Be5 20. Nf3 Be6 21. Qc3
f6 22. Nxe5 dxe5 23. Be3 c5 24. b3 Bf7 25. Bxf4 gxf4 26. Rad1 Rd4 27. Rxd4 cxd4
28. Qf3 Kh7 29. Kh2 Rg8 30. Rg1 Rg5 31. g3 fxg3+ 32. Rxg3 Be6 33. Qg2 Qg7 34.
Qf3 Kh8 35. Qd3 h5 36. Rxg5 Qxg5 37. Qe2 Qf4+ 0-1

[Event "4NCL/Div3/CHEDP vs. SWD2"]
[Site "Coventry ENG"]
[Date "2006.11.11"]
[Round "3.1"]
[White "Bellin, Robert"]
[Black "Trevelyan, John"]
[Result "1/2-1/2"]
[WhiteElo "2381"]
[BlackElo "2228"]
[PlyCount "31"]
[EventDate "2006.11.11"]
[EventType "team"]
[EventRounds "11"]
[EventCountry "ENG"]
[WhiteTeam "Cheddleton"]
[BlackTeam "S W Dragons 2"]

1. e4 d6 2. d4 e5 3. Nc3 Nf6 4. f4 exd4 5. Qxd4 Be7 6. Bd2 O-O 7. O-O-O c6 8.
Qf2 Nbd7 9. Nf3 Nc5 10. Qe1 a5 11. Kb1 Re8 12. Bc1 Bf8 13. e5 d5 14. Be3 Nfe4
15. Nxe4 Nxe4 16. Bd3 1/2-1/2

[Event "4NCL/Div3/CHEDP vs. SWD2"]
[Site "Coventry ENG"]
[Date "2006.11.11"]
[Round "3.2"]
[White "Spice, Alan"]
[Black "Wallace, Paul A"]
[Result "1/2-1/2"]
[WhiteElo "2205"]
[BlackElo "2242"]
[PlyCount "34"]
[EventDate "2006.11.11"]
[EventType "team"]
[EventRounds "11"]
[EventCountry "ENG"]
[WhiteTeam "S W Dragons 2"]
[BlackTeam "Cheddleton"]

1. Nc3 e5 2. Nf3 Nc6 3. d4 exd4 4. Nxd4 Bc5 5. Be3 Bb6 6. Nd5 Nf6 7. Nxb6 axb6
8. Bg5 Ra5 9. Nf3 O-O 10. e3 Qe7 11. c3 d6 12. Be2 Bg4 13. Bh4 Ne5 14. h3 Bc8
15. b4 Nxf3+ 16. Bxf3 Ra3 17. Qd4 Qe5 1/2-1/2

[Event "4NCL/Div3/CHEDP vs. SWD2"]
[Site "Coventry ENG"]
[Date "2006.11.11"]
[Round "3.3"]
[White "Harman, Kenneth B"]
[Black "Rees, Gwynfor"]
[Result "1/2-1/2"]
[WhiteElo "2199"]
[BlackElo "2167"]
[PlyCount "54"]
[EventDate "2006.11.11"]
[EventType "team"]
[EventRounds "11"]
[EventCountry "ENG"]
[WhiteTeam "Cheddleton"]
[BlackTeam "S W Dragons 2"]

1. e4 e5 2. Nf3 Nc6 3. Bb5 f5 4. Nc3 fxe4 5. Bxc6 dxc6 6. Nxe4 Nf6 7. Qe2 Bg4
8. h3 Bxf3 9. Qxf3 Qd5 10. d3 O-O-O 11. O-O Nxe4 12. dxe4 Qc4 13. Bg5 Re8 14.
b3 Qe6 15. Be3 Bd6 16. a4 a6 17. c4 Ref8 18. Qe2 Rhg8 19. c5 Be7 20. b4 g5 21.
b5 a5 22. Qd2 g4 23. h4 g3 24. f3 Qf6 25. bxc6 Qxh4 26. Qd7+ Kb8 27. Qh3 Qxh3
1/2-1/2

[Event "4NCL/Div3/CHEDP vs. SWD2"]
[Site "Coventry ENG"]
[Date "2006.11.11"]
[Round "3.4"]
[White "Burton, Graham P"]
[Black "Buxton, David E"]
[Result "1-0"]
[WhiteElo "2115"]
[BlackElo "2145"]
[PlyCount "85"]
[EventDate "2006.11.11"]
[EventType "team"]
[EventRounds "11"]
[EventCountry "ENG"]
[WhiteTeam "S W Dragons 2"]
[BlackTeam "Cheddleton"]

1. e4 e6 2. d4 d5 3. e5 c5 4. c3 Nc6 5. Nf3 Qb6 6. Be2 Bd7 7. O-O cxd4 8. cxd4
Nge7 9. Nc3 Nf5 10. Na4 Qd8 11. Bg5 Be7 12. Bxe7 Qxe7 13. Rc1 Qb4 14. a3 Qe7
15. Nc5 O-O 16. b4 Rab8 17. Bb5 Nxe5 18. Nxd7 Nxd7 19. Rc7 Rfd8 20. Ne5 a6 21.
Rxd7 Rxd7 22. Nxd7 Rd8 23. Ba4 b5 24. Ne5 Rc8 25. Bc2 Nd6 26. Nd3 Rc4 27. Nc5
Qh4 28. g3 Qxd4 29. Qxd4 Rxd4 30. Nxa6 Rd2 31. Rc1 g6 32. Nc5 d4 33. a4 d3 34.
Bxd3 bxa4 35. Ra1 e5 36. Rxa4 f5 37. Ra6 Ne8 38. Re6 Kf7 39. Rxe5 Nf6 40. Bc4+
Kg7 41. Bf1 f4 42. gxf4 Ng4 43. Re2 1-0

[Event "4NCL/Div3/CHEDP vs. SWD2"]
[Site "Coventry ENG"]
[Date "2006.11.11"]
[Round "3.6"]
[White "Thornton, John"]
[Black "Hamblin, David J"]
[Result "1/2-1/2"]
[WhiteElo "2142"]
[BlackElo "2070"]
[PlyCount "35"]
[EventDate "2006.11.11"]
[EventType "team"]
[EventRounds "11"]
[EventCountry "ENG"]
[WhiteTeam "S W Dragons 2"]
[BlackTeam "Cheddleton"]

1. e4 c5 2. Nf3 d6 3. d4 cxd4 4. Nxd4 Nf6 5. Nc3 g6 6. Be3 Bg7 7. f3 Nc6 8. Qd2
O-O 9. O-O-O d5 10. Kb1 Nxd4 11. e5 Nf5 12. exf6 exf6 13. Bc5 d4 14. Bxf8 Qxf8
15. Nb5 Bh6 16. Qe1 Ne3 17. Nxd4 Nxd1 18. Qxd1 1/2-1/2

[Event "4NCL/Div3/CHEDP vs. SWD2"]
[Site "Coventry ENG"]
[Date "2006.11.11"]
[Round "3.7"]
[White "Yu, Yangshi"]
[Black "van Kemenade, Rudy"]
[Result "0-1"]
[WhiteElo "2050"]
[BlackElo "2052"]
[PlyCount "62"]
[EventDate "2006.11.11"]
[EventType "team"]
[EventRounds "11"]
[EventCountry "ENG"]
[WhiteTeam "Cheddleton"]
[BlackTeam "S W Dragons 2"]

1. e4 e5 2. Nf3 Nf6 3. Nxe5 d6 4. Nf3 Nxe4 5. Nc3 Nf6 6. d4 d5 7. Bd3 Be7 8. h3
O-O 9. O-O c6 10. Ne5 Nbd7 11. f4 Qb6 12. Kh1 g6 13. Ne2 Ne4 14. Bxe4 dxe4 15.
Nc3 f5 16. d5 Bf6 17. dxc6 Nxe5 18. fxe5 Bd8 19. Bh6 Re8 20. cxb7 Bxb7 21. Nd5
Qc6 22. Nb4 Qb5 23. c3 Qxe5 24. Bf4 Qe6 25. Qd6 g5 26. Qxe6+ Rxe6 27. Bxg5 Bxg5
28. Rxf5 Rg6 29. Kh2 Be7 30. g3 Rd8 31. h4 Rd2+ 0-1

[Event "4NCL/Div3/CHEDP vs. SWD2"]
[Site "Coventry ENG"]
[Date "2006.11.11"]
[Round "3.8"]
[White "van Kemenade, Julie"]
[Black "Yu, Yangshan"]
[Result "1-0"]
[WhiteElo "1925"]
[BlackElo "1890"]
[PlyCount "53"]
[EventDate "2006.11.11"]
[EventType "team"]
[EventRounds "11"]
[EventCountry "ENG"]
[WhiteTeam "S W Dragons 2"]
[BlackTeam "Cheddleton"]

1. e4 c5 2. Bc4 d6 3. f4 Nc6 4. Nf3 e6 5. Nc3 a6 6. a4 Nge7 7. Qe2 g6 8. O-O
Bg7 9. f5 exf5 10. Ng5 Ne5 11. Ba2 O-O 12. d3 h6 13. Nh3 Be6 14. Bb1 g5 15.
exf5 Bxf5 16. Nxg5 hxg5 17. Bxg5 Bg6 18. Nd5 Re8 19. Ba2 Rb8 20. Nf6+ Bxf6 21.
Bxf6 Qc7 22. Rf4 Nf5 23. Qf2 b5 24. Rxf5 Bxf5 25. Qxf5 c4 26. Qg5+ Ng6 27. Qh6
1-0

[Event "4NCL/Div3/NWE2 vs. MIN"]
[Site "Coventry ENG"]
[Date "2006.11.11"]
[Round "3.1"]
[White "Lyell, Mark"]
[Black "Hardman, Michael J"]
[Result "1/2-1/2"]
[WhiteElo "2228"]
[BlackElo "2151"]
[PlyCount "57"]
[EventDate "2006.11.11"]
[EventType "team"]
[EventRounds "11"]
[EventCountry "ENG"]
[WhiteTeam "N W Eagles 2"]
[BlackTeam "Mind Sports"]

1. e4 c5 2. c3 d5 3. exd5 Qxd5 4. d4 e5 5. dxe5 Qxe5+ 6. Be3 Nf6 7. Nf3 Qc7 8.
Bb5+ Bd7 9. Na3 a6 10. Bxd7+ Nbxd7 11. Qa4 Be7 12. Bf4 Qc8 13. O-O-O b5 14. Qc2
O-O 15. Rhe1 Re8 16. c4 b4 17. Nb1 Qc6 18. Nbd2 Bd6 19. Qf5 Bxf4 20. Qxf4 a5
21. Nf1 Rxe1 22. Rxe1 Re8 23. Rxe8+ Nxe8 24. Ne3 Nef6 25. Kc2 Qa4+ 26. Kb1 Qc6
27. Kc2 Qa4+ 28. Kb1 Qc6 29. Kc2 1/2-1/2

[Event "4NCL/Div3/NWE2 vs. MIN"]
[Site "Coventry ENG"]
[Date "2006.11.11"]
[Round "3.2"]
[White "Almond, Richard"]
[Black "Coates, Kenneth G"]
[Result "0-1"]
[WhiteElo "2124"]
[BlackElo "2218"]
[PlyCount "118"]
[EventDate "2006.11.11"]
[EventType "team"]
[EventRounds "11"]
[EventCountry "ENG"]
[WhiteTeam "Mind Sports"]
[BlackTeam "N W Eagles 2"]

1. d4 d5 2. c4 c6 3. Nf3 Nf6 4. Nc3 dxc4 5. a4 Bf5 6. e3 e6 7. Bxc4 Bb4 8. O-O
Nbd7 9. Qe2 Bg6 10. Rd1 O-O 11. Bd2 Qc7 12. Rac1 Rad8 13. h3 h6 14. Nh4 Bh7 15.
f4 Nb6 16. Ne4 Be7 17. Nc3 Nxc4 18. Qxc4 Qb6 19. b3 Nd5 20. Nf3 Nxc3 21. Qxc3
Be4 22. Ne5 Rd5 23. b4 Qa6 24. Nc4 Rfd8 25. Ra1 Bf6 26. Kh2 b6 27. Be1 c5 28.
Bf2 cxd4 29. exd4 Qb7 30. Ne5 Bxg2 31. Rg1 Be4 32. Rac1 b5 33. Qc7 Qxc7 34.
Rxc7 bxa4 35. Ra1 g5 36. Nxf7 R8d7 37. Rxd7 Rxd7 38. Nxh6+ Kg7 39. fxg5 Bxg5
40. Ng4 Bc2 41. Bg3 Rb7 42. Bd6 Bb3 43. Ne5 Bf4+ 44. Kg2 Bd2 45. Nd3 Bc3 46.
Be5+ Kg6 47. Ra3 Kf5 48. Kg3 Bxb4 49. Nxb4 Rxb4 50. Kf2 Bd5 51. Rg3 Rb2+ 52.
Ke1 Ke4 53. h4 Rb3 54. Rg4+ Ke3 55. Rg3+ Bf3 56. Rxf3+ Kxf3 57. h5 Ke3 58. Kd1
Rb1+ 59. Kc2 Rh1 0-1

[Event "4NCL/Div3/NWE2 vs. MIN"]
[Site "Coventry ENG"]
[Date "2006.11.11"]
[Round "3.3"]
[White "Hulmes, David I"]
[Black "Edwards, Ray B"]
[Result "1/2-1/2"]
[WhiteElo "2225"]
[BlackElo "2121"]
[PlyCount "89"]
[EventDate "2006.11.11"]
[EventType "team"]
[EventRounds "11"]
[EventCountry "ENG"]
[WhiteTeam "N W Eagles 2"]
[BlackTeam "Mind Sports"]

1. e4 c6 2. d4 d5 3. e5 Bf5 4. Nc3 e6 5. g4 Bg6 6. Nge2 Nd7 7. h4 f6 8. h5 Bf7
9. f4 fxe5 10. dxe5 Bc5 11. Nd4 Ne7 12. Bg2 Qc7 13. Be3 O-O-O 14. Qe2 Bb4 15.
Bd2 g5 16. hxg6 hxg6 17. O-O-O Nb6 18. Rxh8 Rxh8 19. Ncb5 Bxd2+ 20. Rxd2 cxb5
21. Nxb5 Qd7 22. Nd6+ Kb8 23. Nxf7 Rf8 24. Ng5 Rxf4 25. Rd1 Nc6 26. c3 Qe7 27.
Nh3 Rf8 28. Re1 Nd7 29. c4 Ndxe5 30. cxd5 exd5 31. Kb1 Qd6 32. Ng5 Rd8 33. Rd1
Qf6 34. Nh3 d4 35. Nf2 Qg5 36. Qb5 Qe7 37. Nd3 Nxd3 38. Bxc6 Nc5 39. Bg2 Ne6
40. Qe5+ Qd6 41. Qe4 Nc5 42. Qf3 Rd7 43. a3 a6 44. g5 Ka7 45. Qf6 1/2-1/2

[Event "4NCL/Div3/NWE2 vs. MIN"]
[Site "Coventry ENG"]
[Date "2006.11.11"]
[Round "3.4"]
[White "Ackley, Peter"]
[Black "Mulligan, Stephen"]
[Result "1-0"]
[WhiteElo "2111"]
[BlackElo "2199"]
[PlyCount "97"]
[EventDate "2006.11.11"]
[EventType "team"]
[EventRounds "11"]
[EventCountry "ENG"]
[WhiteTeam "Mind Sports"]
[BlackTeam "N W Eagles 2"]

1. c4 e5 2. g3 Nf6 3. Bg2 d6 4. Nc3 Be7 5. e4 O-O 6. Nge2 Nc6 7. f4 a6 8. f5
Rb8 9. d3 b5 10. b3 Bd7 11. O-O Kh8 12. h3 h6 13. Be3 Ng8 14. Nd5 Bf6 15. Bf3
Nce7 16. Nxf6 Nxf6 17. g4 c6 18. h4 d5 19. g5 Nfg8 20. c5 a5 21. Qe1 b4 22. Qg3
f6 23. Kh1 Qe8 24. Rg1 Qf7 25. Rg2 fxg5 26. hxg5 Bxf5 27. gxh6 Bg6 28. Qxe5 Qf6
29. hxg7+ Kxg7 30. Bd4 Kf7 31. Qxb8 Rxb8 32. Bxf6 Nxf6 33. Rf1 Rh8+ 34. Rh2
Rxh2+ 35. Kxh2 Kg7 36. Nf4 Bf7 37. exd5 Nfxd5 38. Bxd5 Nxd5 39. Nxd5 Bxd5 40.
Rf2 Be6 41. Kg1 Bh3 42. Rf3 Be6 43. Kf2 Bd5 44. Rf4 Kg6 45. Ke3 Kg5 46. Rf8 a4
47. bxa4 Bxa2 48. Rb8 b3 49. a5 1-0

[Event "4NCL/Div3/NWE2 vs. MIN"]
[Site "Coventry ENG"]
[Date "2006.11.11"]
[Round "3.5"]
[White "Spence, David"]
[Black "Parker, Robert"]
[Result "0-1"]
[WhiteElo "2184"]
[BlackElo "2086"]
[PlyCount "62"]
[EventDate "2006.11.11"]
[EventType "team"]
[EventRounds "11"]
[EventCountry "ENG"]
[WhiteTeam "N W Eagles 2"]
[BlackTeam "Mind Sports"]

1. e4 e5 2. Nf3 Nc6 3. Bc4 Bc5 4. c3 Bb6 5. d4 Qe7 6. Bg5 Nf6 7. d5 Nd8 8. d6
cxd6 9. Na3 Bxf2+ 10. Ke2 Bb6 11. Nh4 d5 12. Nf5 Qc5 13. Be3 d4 14. Nxg7+ Kf8
15. Bh6 Kg8 16. Rf1 d5 17. Ke1 Ng4 18. Bxd5 Nxh6 19. Qh5 dxc3 20. Nc4 Qb4 21.
Qg5 cxb2+ 22. Ke2 Bg4+ 23. Kd3 Be3 24. Nxe3 Qd4+ 25. Kc2 Rc8+ 26. Nc4 bxa1=N+
27. Rxa1 Rxc4+ 28. Bxc4 Qxc4+ 29. Kb2 Qb5+ 30. Kc2 Qc6+ 31. Kd2 Qg6 0-1

[Event "4NCL/Div3/NWE2 vs. MIN"]
[Site "Coventry ENG"]
[Date "2006.11.11"]
[Round "3.6"]
[White "Hawkins, Nick"]
[Black "Hanley, James"]
[Result "1/2-1/2"]
[WhiteElo "2022"]
[BlackElo "2169"]
[PlyCount "45"]
[EventDate "2006.11.11"]
[EventType "team"]
[EventRounds "11"]
[EventCountry "ENG"]
[WhiteTeam "Mind Sports"]
[BlackTeam "N W Eagles 2"]

1. e4 c5 2. Nf3 d6 3. d4 cxd4 4. Nxd4 Nf6 5. Nc3 g6 6. Be3 Bg7 7. f3 a6 8. Qd2
Nbd7 9. Bh6 Bxh6 10. Qxh6 b5 11. O-O-O Bb7 12. h4 Rc8 13. Kb1 Rxc3 14. bxc3 Qc7
15. h5 Rg8 16. hxg6 hxg6 17. Qe3 e5 18. Nb3 Ke7 19. g4 Rc8 20. g5 Nh5 21. Bh3
Qxc3 22. Qxc3 Rxc3 23. Bxd7 1/2-1/2